Rok objevných plaveb pro direct marketing
Aký bude rok 2006 z pohľadu digitálnych médií. Cielené ponuky a sledovanie odozvy. Digitálne televízne vysielanie, internet a aktivita mobilných operátorov. Čím prekvapí spoločnosť Google. Prvá soap opera pre mobilné telefóny.
Enregistré dans:
| Auteur principal: | |
|---|---|
| Format: | Chapitre de livre |
| Langue: | tchèque |
| Sujets: | |
| Tags: |
Pas de tags, Soyez le premier à ajouter un tag!
|
MARC
| LEADER | 00000naa$a2200000$$$4500 | ||
|---|---|---|---|
| 001 | 0038487 | ||
| 005 | 20231016105311.1 | ||
| 041 | 0 | |a cze | |
| 044 | |a CZ | ||
| 245 | 1 | 0 | |a Rok objevných plaveb pro direct marketing |c Tomáš Studeník |
| 520 | |a Aký bude rok 2006 z pohľadu digitálnych médií. Cielené ponuky a sledovanie odozvy. Digitálne televízne vysielanie, internet a aktivita mobilných operátorov. Čím prekvapí spoločnosť Google. Prvá soap opera pre mobilné telefóny. | ||
| 610 | 2 | 0 | |a komunikácia marketingová |
| 610 | 2 | 0 | |a marketing priamy |
| 610 | 2 | 0 | |a technológie informačné |
| 610 | 2 | 0 | |a technológie komunikačné |
| 610 | 2 | 0 | |a médiá |
| 610 | 2 | 0 | |a digitalizácia |
| 610 | 2 | 0 | |a internet |
| 610 | 2 | 0 | |a telefón mobilný |
| 100 | 1 | |a Studeník, Tomáš | |